Vísperas con el Papa (Record no. 106166)

MARC details
000 -LEADER
campo de control de longitud fija 01126nam a2200289 i 4500
001 - NÚMERO DE CONTROL
campo de control 106166
003 - IDENTIFICADOR DE NÚMERO DE CONTROL
campo de control ES-MaACL
005 - FECHA Y HORA DE LA ÚLTIMA TRANSACCIÓN
campo de control 20250831073546.0
007 - CAMPO FIJO DE DESCRIPCIÓN FÍSICA--INFORMACIÓN GENERAL
campo de control de longitud fija t|
008 - DATOS DE LONGITUD FIJA--INFORMACIÓN GENERAL
campo de control de longitud fija 061004s2006 sp ||||1| spa d
020 ## - NÚMERO INTERNACIONAL ESTÁNDAR DEL LIBRO
Número Internacional Estándar del Libro 978-84-7914-840-9
080 ## - NÚMERO DE LA CLASIFICACIÓN DECIMAL UNIVERSAL
Número de la Clasificación Decimal Universal 223.2.07
080 ## - NÚMERO DE LA CLASIFICACIÓN DECIMAL UNIVERSAL
Número de la Clasificación Decimal Universal 264.02-13
110 2# - ENTRADA PRINCIPAL--NOMBRE DE ENTIDAD CORPORATIVA
Nombre de entidad corporativa o nombre de jurisdicción como elemento de entrada Iglesia Católica.
Unidad subordinada Papa (1978-2005: Juan Pablo II)
9 (RLIN) 4667
245 10 - MENCIÓN DEL TÍTULO
Título Vísperas con el Papa
Resto del título : las catequesis de Juan Pablo II y Benedicto XVI sobre los salmos y cánticos de Vísperas /
Mención de responsabilidad, etc. presentación, recopilación e índices de José Luis Moreno Martínez.
260 ## - PUBLICACIÓN, DISTRIBUCIÓN, ETC.
Lugar de publicación, distribución, etc. Madrid :
Nombre del editor, distribuidor, etc. Biblioteca de Autores Cristianos,
Fecha de publicación, distribución, etc. 2006.
300 ## - DESCRIPCIÓN FÍSICA
Extensión XXII, 302 p. ;
Dimensiones 20 cm.
490 1# - MENCIÓN DE SERIE
Mención de serie Biblioteca de autores cristianos ;
Designación de volumen o secuencia 661
630 #0 - PUNTO DE ACCESO ADICIONAL DE MATERIA--TÍTULO UNIFORME
Título uniforme Biblia.
Nombre de parte o sección de la obra A.T.
-- Salmos-
Subdivisión de forma Comentarios.
9 (RLIN) 119276
650 14 - PUNTO DE ACCESO ADICIONAL DE MATERIA--TÉRMINO DE MATERIA
Término de materia o nombre geográfico como elemento de entrada Liturgia de las horas.
9 (RLIN) 14684
700 0# - ENTRADA AGREGADA--NOMBRE PERSONAL
Nombre de persona Juan Pablo
Numeración II
Títulos y otros términos asociados al nombre , Papa, Santo.
9 (RLIN) 162513
700 0# - ENTRADA AGREGADA--NOMBRE PERSONAL
Nombre de persona Benedicto
Numeración XVI,
Títulos y otros términos asociados al nombre Papa
9 (RLIN) 234934
700 1# - ENTRADA AGREGADA--NOMBRE PERSONAL
Nombre de persona Moreno Martínez, José Luis.
9 (RLIN) 83401
830 00 - PUNTO DE ACCESO ADICIONAL DE SERIE-TÍTULO UNIFORME
Título uniforme Biblioteca de autores cristianos
Designación de volumen o secuencia 661
9 (RLIN) 178679
852 ## - LOCALIZACIÓN
Ubicación ES-MaACL
Número de control de estantería J-648
Sublocalización o colección R.137861
Holdings
Estatus retirado Estado de pérdida Estado de daño No para préstamo Biblioteca de origen Biblioteca actual Ubicación en estantería Fecha de adquisición Fuente de adquisición Total de préstamos Signatura topográfica completa Código de barras Visto por última vez Precio de reemplazo Tipo de ítem Koha
        Biblioteca del Ateneo de Madrid Biblioteca del Ateneo de Madrid Depósito 2 17/01/2008     J-648 1110831 23/02/2023 23/02/2023 Libro impreso